| 000 | 00719nam a2200229Ia 4500 | ||
|---|---|---|---|
| 003 | GCL | ||
| 008 | 140319s9999 xx 000 0 ara d | ||
| 040 |
_aGCL / _cGCL |
||
| 082 | 0 | 4 |
_aد _b050 _bم م |
| 100 | 1 | _aمجموعة من الباحثين | |
| 245 | 1 | 0 |
_aالمقتطف: جريدة علمية وصناعية (1952-1876) / _cمجموعة من الباحثين |
| 300 | _a121 مجلد | ||
| 490 |
_aماذا اعرف _v0 |
||
| 650 | 0 | 4 | _aالادب العربى |
| 650 | 0 | 4 | _aالثقافة |
| 650 | 0 | 4 | _aالحياة الاجتماعية |
| 650 | 0 | 4 | _aدوريات |
| 650 | 0 | 4 | _aالصناعة |
| 650 | 0 | 4 | _aالانتاج الصناعى |
| 650 | 0 | 4 | _aالسياسة الصناعية |
| 942 |
_2ddc _cCR |
||
| 999 |
_c27078 _d27078 |
||